|
|
|
|
| LEADER |
01175nam a22003254a 4500 |
| 001 |
27463 |
| 003 |
BD-DhAAL |
| 005 |
20150208120205.0 |
| 008 |
130909s2012 maua 001 0 eng |
| 010 |
|
|
|a 2007078952
|
| 020 |
|
|
|a 9781259028533
|
| 020 |
|
|
|a 1259028534
|
| 020 |
|
|
|a 9780073511924 (pbk. : alk. paper)
|
| 020 |
|
|
|a 0073511927 (pbk. : alk. paper)
|
| 040 |
|
|
|a DLC
|c DLC
|d DLC
|d BD-DhAAL
|
| 050 |
0 |
0 |
|a HM1221
|b .B538 2008
|
| 082 |
|
|
|2 22
|a 659.2
|
| 999 |
|
|
|c 13944
|d 13944
|
| 999 |
|
|
|c 13944
|
| 100 |
1 |
|
|a Bivins, Thomas H.
|q (Thomas Harvey),
|d 1947-
|9 2985
|
| 245 |
1 |
0 |
|a Public relations writing :
|b the essentials of style and format /
|c Thomas H. Bivins.
|
| 250 |
|
|
|a 6th ed.
|
| 260 |
|
|
|a Boston ;
|a New Delhi :
|b McGraw-Hill,
|c 2012
|
| 300 |
|
|
|a xviii, 377 p. :
|b ill. ;
|c 23 cm.
|
| 500 |
|
|
|a Includes index.
|
| 541 |
|
|
|e 27463
|
| 650 |
|
0 |
|a Public relations
|z United States.
|9 2986
|
| 650 |
|
0 |
|a Public relations
|z United States
|x Authorship.
|9 2987
|
| 942 |
|
|
|2 ddc
|c BK
|
| 952 |
|
|
|0 0
|1 0
|2 ddc
|4 0
|6 659_200000000000000_BIV
|7 0
|9 23340
|a BRACUL
|b BRACUL
|c GEN
|d 2013-09-09
|e Paragon Enterprise
|g 638.00
|l 1
|m 17
|o 659.2 BIV
|p 3010027463
|r 2019-04-20
|s 2018-12-12
|t 1
|w 2013-09-09
|y BK
|